000 00413nam a2200169Ia 4500
008 131103s9999 xx 000 0 und d
040 _aLoreto College
041 _aEnglish
082 _aMIS/CUR
_bLCBED/9112
100 _aCurrie, Joe
245 _aLearning through doing
_cJoe Currie
260 _a[s.l.]
_bAICUF
_c1976
300 _a71p.
_c 23cm.
650 _aMis
850 _aLCBED/MIS/CUR
942 _cBK
999 _c34311
_d84790